Catálogo
 En Linea

Rebeliones negras de la española / (Registro nro. 26819)

Detalles MARC
000 -CABECERA
campo de control de longitud fija 01077nam a2200301 i 4500
001 - NÚMERO DE CONTROL
campo de control 000027327
003 - IDENTIFICADOR DEL NÚMERO DE CONTROL
campo de control DO-SdBNP
005 - FECHA Y HORA DE LA ÚLTIMA TRANSACCIÓN
campo de control 20260521143250.0
007 - CAMPO FIJO DE DESCRIPCIÓN FÍSICA--INFORMACIÓN GENERAL
campo de control de longitud fija ta
008 - DATOS DE LONGITUD FIJA--INFORMACIÓN GENERAL
campo de control de longitud fija 110331s1988 dr 000 0 spa d
040 ## - FUENTE DE LA CATALOGACIÓN
Centro catalogador/agencia de origen DO-SdBNP
Lengua de catalogación spa
Centro/agencia transcriptor BNPHU
Normas de descripción rda
041 ## - CÓDIGO DE LENGUA
Código de lengua original spa
082 #4 - NÚMERO DE LA CLASIFICACIÓN DECIMAL DEWEY
Número de clasificación 972.9303
Número de documento/Ítem B253r
Número de edición 22
100 1# - ENTRADA PRINCIPAL--NOMBRE DE PERSONA
Nombre de persona Barinas Coiscou, Sócrates,
Fechas asociadas al nombre 1916-2021
Término indicativo de función/relación autor
Código de función/relación aut.
9 (RLIN) 24379
245 10 - MENCIÓN DE TÍTULO
Título Rebeliones negras de la española /
Mención de responsabilidad, etc. Sócrates Barinas Coiscou.
264 #1 - PRODUCCIÓN, PUBLICACIÓN, DISTRIBUCIÓN, FABRICACIÓN Y COPYRIGHT
Producción, publicación, distribución, fabricación y copyright Santo Domingo :
Nombre del de productor, editor, distribuidor, fabricante Impresos de Calidad,
Fecha de producción, publicación, distribución, fabricación o copyright 1988.
300 ## - DESCRIPCIÓN FÍSICA
Extensión 364 páginas :
Otras características físicas 22 cm.
336 ## - TIPO DE CONTENIDO
Término de tipo de contenido texto
Código de tipo de contenido txt
Fuente rdacontent
337 ## - TIPO DE MEDIO
Nombre/término del tipo de medio sin mediación
Código del tipo de medio n
Fuente rdamedia
338 ## - TIPO DE SOPORTE
Nombre/término del tipo de soporte volumen
Código del tipo de soporte nc
Fuente rdacarrier
504 ## - NOTA DE BIBLIOGRAFÍA, ETC.
Nota de bibliografía, etc. Bibliografía : páginas 261-264
505 0# - NOTA DE CONTENIDO CON FORMATO
Nota de contenido con formato v.1--
Título Rebeliones negras de la española --
Información miscelánea v. 2--
Título La isla dividida.
563 ## - NOTA DE ENCUADERNACIÓN
Nota de encuadernación El volumen 1 y volumen 2 encuadernados juntos.
590 ## - NOTA LOCAL (RLIN)
Nota local Inventariado, 2020/VM
651 #4 - PUNTO DE ACCESO ADICIONAL DE MATERIA--NOMBRE GEOGRÁFICO
Nombre geográfico Repúblia Dominicana
Subdivisión general Historia
Subdivisión cronológica Gobierno colonia española, 1511-1795
9 (RLIN) 54407
910 ## - DATOS DE OPCIÓN DEL USUARIO (OCLC)
Datos de opción del usuario Validado. Control de calidad EMS.
942 ## - ELEMENTOS DE PUNTO DE ACCESO ADICIONAL (KOHA)
Fuente del sistema de clasificación o colocación Dewey Decimal Classification
Tipo de ítem Koha Libro
Existencias
Estado de retiro Estado de pérdida Fuente del sistema de clasificación o colocación No para préstamo Localización permanente Ubicación/localización actual Ubicación en estantería Fecha de adquisición Total de préstamos Signatura topográfica completa Código de barras Fecha visto por última vez Precio válido a partir de Tipo de ítem Koha Nota pública Restricciones de uso Código de colección Fuente de adquisición Número de copia
    Dewey Decimal Classification Excluido de préstamo Biblioteca Nacional Pedro Henríquez Ureña Biblioteca Nacional Pedro Henríquez Ureña Depósito 31.03.2011   BNPHU PD 972.9303 B253r 27327-10 25.06.2020 25.06.2020 Libro Dedicado.        
    Dewey Decimal Classification   Biblioteca Nacional Pedro Henríquez Ureña Biblioteca Nacional Pedro Henríquez Ureña Depósito 01.04.2011   BNPHU PD 972.9303 B253r 27327-20 25.06.2020 25.06.2020 Libro   Excluido de préstamo Patrimonio Dominicano Depósito Legal e. 2
    Dewey Decimal Classification   Biblioteca Nacional Pedro Henríquez Ureña Biblioteca Nacional Pedro Henríquez Ureña Depósito 23.01.2025   BNPHU DS 972.9303 B253r 2025-0399 23.01.2025 23.01.2025 Libro Pertenecio a la biblioteca personal de Emilio Cordero Michel. Préstamo en sala Dominicana de Servicio Donado por la Presidencia de la República Dominicana 2023. e.3

Con tecnología Koha